Statistics for North Queensland Cowboys 2023 Squad

Click here to take the quiz!

General Stats

  • This quiz has been taken 2 times
  • The average score is 7 of 38

Answer Stats

HintAnswer% Correct
Jason Taumalolo
100%
Jeremiah Nanai
100%
Valentine Holmes
100%
Chad Townsend
50%
Griffin Neame
50%
Kulikefu Finefeuiaki
50%
Murray Taulagi
50%
Reece Robson
50%
Reuben Cotter
50%
Scott Drinkwater
50%
Tom Dearden
50%
Ben Hampton
0%
Brendan Elliot
0%
Coen Hess
0%
Gehamat Shibasaki
0%
Heilum Luki
0%
Jack Gosiewski
0%
Jai Hansen
0%
Top 30 squad – 2023 NRL seasonJake Bourke
0%
Jake Granville
0%
Jamayne Taunoa-Brown
0%
Development playersJodeci Baker-Tiraha
0%
Jordan McLean
0%
Kyle Feldt
0%
Luciano Leilua
0%
Extended squadMarly Bitungane
0%
Mitch Dunn
0%
Peta Hiku
0%
Ragarive Wavik
0%
Riley Price
0%
Robert Derby
0%
Sam McIntyre
0%
Semi Valemei
0%
Sylvester Namo
0%
Taniela Sadrugu
0%
Thomas Duffy
0%
Tom Chester
0%
Zac Laybutt
0%

Score Distribution

Percentile by Number Answered

Percent of People with Each Score

Your Score History

You have not taken this quiz